Global Leadership for Working in a Global World

Enregistré dans:
Détails bibliographiques
Auteur principal: Némethová, Ildikó, 1974-
Format: Chapitre de livre
Langue:anglais
Sujets:
Tags: Ajouter un tag
Pas de tags, Soyez le premier à ajouter un tag!

MARC

LEADER 00000naa$a2200000$$$4500
001 0242259
005 20240502083650.1
041 0 |a eng 
044 |a DE 
245 1 0 |a Global Leadership for Working in a Global World  |c Ildikó Némethová 
610 2 0 |a lídri 
610 2 0 |a manažéri 
610 2 0 |a vodcovstvo 
610 2 0 |a správanie 
610 2 0 |a zručnosti 
610 2 0 |a riadenie 
610 2 0 |a globalizácia 
610 2 0 |a kultúra 
610 2 0 |a svet 
100 1 |a Némethová, Ildikó, 1974-